GCSE physics. (Record no. 8234)
[ view plain ]
| 000 -LEADER | |
|---|---|
| fixed length control field | 00850cam9a220026500 4500 |
| 001 - CONTROL NUMBER | |
| control field | zam00001951 |
| 008 - FIXED-LENGTH DATA ELEMENTS--GENERAL INFORMATION | |
| fixed length control field | 951128s1989 xx eng u |
| 035 ## - SYSTEM CONTROL NUMBER | |
| System control number | (Sirsi) r19331 |
| 035 ## - SYSTEM CONTROL NUMBER | |
| System control number | (MACHINE)SLC. |
| 100 ## - MAIN ENTRY--PERSONAL NAME | |
| Personal name | Maunder, C. |
| Linkage | A7271.2 |
| 245 10 - TITLE STATEMENT | |
| Title | GCSE physics. |
| 260 ## - PUBLICATION, DISTRIBUTION, ETC. | |
| Date of publication, distribution, etc. | 1989. |
| 591 ## - | |
| -- | Class code: ED 432. |
| 591 ## - | |
| -- | Course: Physics teaching methods. |
| 591 ## - | |
| -- | School: S03. |
| 591 ## - | |
| -- | Lecturer: Mr. NKHATA/HAMBOKOMA. |
| 591 ## - | |
| -- | Number of Students: 9. |
| 949 ## - LOCAL PROCESSING INFORMATION (OCLC) | |
| a | QC32 |
| w | lcc |
| i | 33729001428015 |
| m | MAIN |
| p | 2500 |
| t | SHORTLOAN |
| l | SHORTLOAN |
| 949 ## - LOCAL PROCESSING INFORMATION (OCLC) | |
| a | QC32 |
| w | lcc |
| i | 33729001428072 |
| m | MAIN |
| p | 2500 |
| t | SHORTLOAN |
| l | SHORTLOAN |
| 949 ## - LOCAL PROCESSING INFORMATION (OCLC) | |
| a | QC32 |
| w | lcc |
| i | 33729001428130 |
| m | MAIN |
| p | 2500 |
| t | SHORTLOAN |
| l | SHORTLOAN |
| 949 ## - LOCAL PROCESSING INFORMATION (OCLC) | |
| a | QC32 |
| w | lcc |
| i | -16868 |
| m | MAIN |
| t | BOOK |
| l | ON-SHELF |
| 900 ## - EQUIVALENCE OR CROSS-REFERENCE-PERSONAL NAME [LOCAL, CANADA] | |
| -- | MAIN |
| Field link and sequence number | QC32 |
| -- | MAU |
| Titles and other words associated with a name | 4 |
| 909 ## - | |
| -- | Book |
| Withdrawn status | Lost status | Source of classification or shelving scheme | Damaged status | Not for loan | Home library | Current library | Shelving location | Total Checkouts | Full call number | Barcode | Date last seen | Copy number | Price effective from | Koha item type |
|---|---|---|---|---|---|---|---|---|---|---|---|---|---|---|
| Library of Congress Classification | Main Library | Main Library | Academic reserves/Short loan | QC32 | 33729001428072 | 08/12/2019 | 2 | 08/12/2019 | Short Loan material |